00512nam a22001817a 4500003001100000005001700011008004100028020001800069040003900087041000800126082001500134100002100149245004000170260005900210300001400269650002200283650002500305LK-CoMWRAF20240106110457.0240106b2009 |||||||| |||| 00| 0 eng d a9789550139002 aLK-CoMWRAFdLK-CoMWRAFeLK-CoMWRAF aeng a305.8bMOH aMohideen, M.I.M. aMuslim minority issues in Sri Lanka aColombo:bAl-Ceylan muslim documentation centre,c2009 aii, 58 p. aMUSLIMS-Sri Lanka aMinorities-Sri Lanka